| 000 | 00565nam a2200217 i 4500 | ||
|---|---|---|---|
| 001 | bg | ||
| 245 | 0 |
_aGovorim po-russki / _cJerzy Brzozoń [i in.]. |
|
| 250 | _a[Wyd. 17]. | ||
| 260 |
_aWarszawa : _bPaństwowe Wydaw. Naukowe, _c1985. |
||
| 300 |
_a309, [3] s. : _brys. ; _c20 cm. |
||
| 650 | 9 | _aJęzyk rosyjski | |
| 655 | _aPodręczniki akademickie | ||
| 700 | 1 | _aBrzozoń, Jerzy. | |
| 020 | _a8301000279 | ||
| 040 | _cBPK | ||
| 041 | _apol | ||
| 080 | _a808.2(07) | ||
| 920 | _a83-01-00027-9 | ||
| 942 | _cKS | ||
| 008 | s pl f |000 0 pol | ||
| 999 |
_c2945 _d2945 |
||
| 856 |
_uhttp://koha.tu.koszalin.pl/cgi-bin/koha/opac-detail.pl?biblionumber=2945 _yKatalog online BPK |
||